000 01020nam a2200301Ia 4500
001 Para_8855
003 CHAP
008 220125s2004 xx 000 0 und d
010 _a207618
040 _cCHAP
090 _aPA TESIS 1817
100 _aDe la Rosa Santamaría, Oscar
_9174150
245 _aManejo integrado de Fusarium oxisporum f.s.p. gladioli en gladiolo en Oacalco, Yautepec; Morelos /
_c por Oscar De la Rosa Santamaría
260 _aChapingo, Méx. :
_b el autor
300 _a44 h.
502 _aTesis (Ing. Agr. Esp. en Parasitología Agrícola) -- UACh. Departamento Parasitología Agrícola
650 _aFusarium oxysporum
_944093
650 _aGladiolas
_x enfermedades
_948229
650 _aHongos fitopatógenos
_956132
710 _aUACh. Departamento Parasitología Agrícola
_9164025
901 _aPA TESIS 1817
902 _aA
905 _a0000002004 in 0000000000 00
910 _a2004
942 _cPARA
942 _cPARA
_d1
999 _c207618
_d207618